000 00732nam a2200157Ia 4500
005 20241029030019.0
008 240331s9999 xx 000 0 und d
020 _a9789555236102
082 _bDEC
_a823
100 _aDe Chickera, L
245 2 _aA tigress of Kilinochchi
260 _aDehiwala
_bLakshman de Chickera
_c2010
300 _a240 p .,
500 _aA Tigress of Kilinochchi takes center stage in the book, and is a tale of a young Tamil family struggling to make ends meet in the Big City and are caught up in the tragic travails of the Ethnic War where the Mother is gang raped and murdered after which the two adolescent daughters go different ways, one seeking revenge, the other extending forgiveness.
942 _cL
999 _c5377
_d5377